Normal view
MARC view
Entry Topical Term
001 - CONTROL NUMBER
- control field: 13882
003 - CONTROL NUMBER IDENTIFIER
- control field: ARRUPE
005 - DATE AND TIME OF LATEST TRANSACTION
- control field: 20150114115746.0
008 - FIXED-LENGTH DATA ELEMENTS
- fixed length control field: 150114|| aca||aabn | a|a d
040 ## - CATALOGING SOURCE
- Original cataloging agency: ARRUPE
- Transcribing agency: ARRUPE
150 ## - HEADING--TOPICAL TERM
- Topical term or geographic name as entry element: Atomic theory.
670 ## - SOURCE DATA FOUND
- Source citation: Work cat.: (ARRUPE)0: Nash, Leonard Kollender, 1918- 13881, The atomic-molecular theory., 1950.